• 首页
  • 本馆介绍
  • 公告通知
  • 最新文献
  • 馆藏检索
  • 电子资源
  • 读者导购
  • 参考咨询
  • 我的图书馆
  • 登录
  • 详细信息显示
  • 放入我的书架
  • 预约/预借图书
  • 作者相关作品
  • 分类相关作品
  • 丛书相关作品
  • 出版社相关作品

书目信息

  • 表格格式
  • 工作单格式
  • 卡片格式
题名:
全彩西方雕塑艺术史
    
 
作者: 汝信 主编 ;陈诗红 , 莽昱 , 沈莹 , 舒冉 编著
分册:  
出版信息: 银川   宁夏人民出版社  2000
页数: 338页
开本: 23cm
丛书名: 全彩艺术史系列
单 册:
中图分类: J309.1
科图分类:
主题词: 雕塑史--西方国家--图集
电子资源:
ISBN: 7-227-02180-7
000 00893oam2 2200277 450
005 20070606200705.81
010    @a7-227-02180-7@dCNY68.00
100    @a20010627e20022000em y0chiy0110 ea
101 0  @achi
102    @aCN@b640000
105    @aa z 000yy
200 1  @a全彩西方雕塑艺术史@Aquan cai xi fang diao su yi shu shi@f汝信主编@g陈诗红, 舒冉, 莽昱, 沈莹编著
210    @a银川@c宁夏人民出版社@d2000@h2002
215    @a338页@c彩图@d23cm
225 2  @a全彩艺术史系列
330    @a本书共有620幅精美的图片,直观地展示了西方雕塑史上的经典之作。
461  0 @12001 @a全彩艺术史系列
606 0  @a雕塑史@z西方国家@j图集
690    @aJ309.1@v4
701  0 @a汝信@Aru xin@4主编
702  0 @a陈诗红@Achen shi hong@4编著
702  0 @a莽昱@Amang yu@4编著
702  0 @a沈莹@Ashen ying@4编著
702  0 @a舒冉@Ashu ran@4编著
801  0 @aCN@bTAOJIN@c20070606
905    @a10447@dJ309.1@e20
    
    全彩西方雕塑艺术史/汝信主编/陈诗红, 舒冉, 莽昱, 沈莹编著.-银川:宁夏人民出版社,2000(2002)
    338页:彩图;23cm.-(全彩艺术史系列)
    
    
    ISBN 7-227-02180-7:CNY68.00
    本书共有620幅精美的图片,直观地展示了西方雕塑史上的经典之作。
●
相关链接 在E读中查询图书 在五车中查询图书 在当当中查询图书 在豆瓣中查询图书


正题名:全彩西方雕塑艺术史     索取号:J309.1/20         预约/预借

序号 登录号 条形码 馆藏地/架位号 状态 备注
1 0527055   205270552   第一样本阅览室/ [索取号:J309.1/20] 在馆    
2 0527056   205270561   第一借阅区/ [索取号:J309.1/20] 在馆    
3 0527057   205270570   第一借阅区/ [索取号:J309.1/20] 在馆    
4 0527058   205270589   第一借阅区/ [索取号:J309.1/20] 在馆    
唐山师范学院图书馆 欢迎您!
大连网信软件有限公司© 版权所有